Pays des Caraïbes - Mort subite - Statistiques

Statistiques générales
  • Ce quiz a été pris 1 380 fois
    1 372 depuis la dernière actualisation
  • Le résultat moyen est 11 sur 21
Answers on the Grid
Answers color-coded by a green-red scale on the quiz's grid according to % correct below.
Mexique
Colombie
Cuba
États-Unis
Haïti
Antigua-et-Barbuda
Jamaïque
Grenade
Dominique
Royaume-Uni
Trinité-et-Tobago
Panama
Nicaragua
Belize
Barbade
France
Saint-Vincent-et-les Grenadines
Venezuela
El Salvador
Canada
Guatemala
Chine
Russie
Belgique
Japon
Australie
Philippines
Hawaii
Kiribati
Palaos
Nauru
Brésil
Chili
Équateur
Cap-Vert
Maroc
Danemark
Pérou
Sainte-Lucie
Pays-Bas
Bolivie
Uruguay
 
Statistiques - réponses
Réponse % Correct
Antigua-et-Barbuda
73%
Barbade
72%
Saint-Vincent-et-les Grenadines
72%
Cuba
70%
Jamaïque
70%
Sainte-Lucie
70%
Dominique
69%
Haïti
68%
Trinité-et-Tobago
67%
Grenade
66%
Belize
58%
Panama
55%
Nicaragua
50%
Guatemala
48%
Mexique
42%
Venezuela
41%
Colombie
32%
France
28%
États-Unis
26%
Pays-Bas
20%
Royaume-Uni
18%
Aucun quiz correspondant
Distribution des résultats
% des personnes avec chaque résultat
Percentile par nombre de réponses
Votre historique - résultats
Vous n’avez pas pris ce quiz depuis la dernière actualisation